Fundamentals of english grammar teacher's guide

Guardado en:
Detalles Bibliográficos
Autor principal: Azar, Betty Schrampfer
Otros Autores: Matthies, Barbara F.
Formato: Libro
Lenguaje:inglés
Publicado: Upper Saddle River Prentice Hall Regents 1994
Edición:2nd ed.
Materias:
Etiquetas: Agregar Etiqueta
Sin Etiquetas, Sea el primero en etiquetar este registro!

MARC

LEADER 00000nam$a2200000$$$4500
001 0069058
005 20240311124937.9
020 |a 0-13-347113-6 
041 0 |a eng 
044 |a US 
245 1 0 |a Fundamentals of english grammar  |b teacher's guide  |c Betty Schrampfer Azar, Barbara F. Matthies 
250 |a 2nd ed. 
264 1 |a Upper Saddle River  |b Prentice Hall Regents  |c 1994 
300 |a 150 s. 
610 2 0 |a jazykoveda 
610 2 0 |a jazyky cudzie 
610 2 0 |a terminológia 
100 1 |a Azar, Betty Schrampfer 
700 1 |a Matthies, Barbara F.